60 năm ngành học sư phạm Việt Nam (1943 - 2006)

Trình bày những bước phát triển trong 60 năm xây dựng và phát triển ngành học sư phạm Việt Nam; Vị trí, nhiệm vụ và yêu cầu đổi mới của ngành học sư phạm trong thời đại ngày nay và những bài thơ, bài văn viết về ngành học sư phạm...

詳細記述

保存先:
書誌詳細
その他の著者: Bùi Ngọc Quỳnh... (Tác giả)
フォーマット: 図書
言語:Vietnamese
出版事項: H. Giáo dục 2006
シリーズ:Hội Cựu giáo chức Việt Nam - Hội Khuyến học Việt Nam
主題:
タグ: タグ追加
タグなし, このレコードへの初めてのタグを付けませんか!
Thư viện lưu trữ: Mạng thư viện Đại học Đà Nẵng
LEADER 01596nam a2200373 4500
001 000006420
003 2575
005 20120524150540.0
008 110909s2006 viesd
020 |c 82600đ 
041 0 |a vie 
082 |a 370.9597  |b Sau 
245 0 |a 60 năm ngành học sư phạm Việt Nam (1943 - 2006)  |c Bộ Giáo dục và Đào tạo ; Bùi Ngọc Quỳnh, Phạm Thanh Liêm, Phạm Minh Hạ.. 
260 |a H.  |b Giáo dục  |c 2006 
300 |a 407 tr  |c 24 cm 
490 |a Hội Cựu giáo chức Việt Nam - Hội Khuyến học Việt Nam 
504 |a Thư mục: tr. 402 
520 |a Trình bày những bước phát triển trong 60 năm xây dựng và phát triển ngành học sư phạm Việt Nam; Vị trí, nhiệm vụ và yêu cầu đổi mới của ngành học sư phạm trong thời đại ngày nay và những bài thơ, bài văn viết về ngành học sư phạm 
653 |a Sư phạm 
653 |a Lịch sử 
653 |a Giáo dục 
653 |a Việt Nam 
700 |a Bùi Ngọc Quỳnh...  |e Tác giả 
910 |a Nguyễn Thị Kim Oanh  |d 09/09/2011 
OWN |a LSP 
AVA |a UDN50  |b LSP  |d 370.9597 Sau  |e available  |t Error 5001 Not defined in file expand_doc_bib_avail.  |f 10  |g 0  |h N  |i 0  |k 1 
999 |a From the UDN01 
AVA |a UDN50  |b LSP  |d 370.9597 Sau  |e available  |t Error 5001 Not defined in file expand_doc_bib_avail.  |f 10  |g 0  |h N  |i 0  |k 1 
TYP |a Monograph 
TYP |a Printed language 
980 |a Mạng thư viện Đại học Đà Nẵng